| 000 | 00557nam a22001931a 4500 | ||
|---|---|---|---|
| 003 | NEGST | ||
| 005 | 20141004020004.0 | ||
| 008 | 030714s1998 001 0 eng d | ||
| 100 | 1 | _aWood, Chester. | |
| 245 | 1 | 0 |
_aOld Testament biblical theology / _cChester Wood. |
| 260 |
_a[S.l.] : _b[s.n.], _c1998. |
||
| 300 | _aSeveral pages. | ||
| 500 | _aIncludes bibliographical references. | ||
| 590 | _aAccession number: 27685 | ||
| 630 | 0 | 0 |
_aBible. _pO.T. _xCriticism, interpretation, etc. |
| 630 | 0 | 0 |
_aBible. O.T. _xTheology. |
| 942 | 0 | 0 | _02 |
| 999 |
_c18183 _d18183 |
||